<?xml version="1.0" encoding="UTF-8"?>
<marc:record xmlns:marc="http://www.loc.gov/MARC21/slim">
   <marc:leader>00000nam a2200000 a 4500</marc:leader>
   <marc:datafield ind1="1" ind2=" " tag="100">
      <marc:subfield code="a">Hiller, Jakob</marc:subfield>
      <marc:subfield code="4">aut</marc:subfield>
      <marc:subfield code="e">Verfasser/-in</marc:subfield>
   </marc:datafield>
   <marc:datafield ind1="1" ind2=" " tag="100">
      <marc:subfield code="a">Pfleger, Irene</marc:subfield>
      <marc:subfield code="4">aut</marc:subfield>
      <marc:subfield code="e">Verfasser/-in</marc:subfield>
   </marc:datafield>
   <marc:datafield ind1="0" ind2="0" tag="245">
      <marc:subfield code="a">Peter Rosegger - Heitere Geschichten</marc:subfield>
   </marc:datafield>
   <marc:datafield ind1="0" ind2="0" tag="245">
      <marc:subfield code="c">Jakob Hiller</marc:subfield>
   </marc:datafield>
   <marc:datafield ind1=" " ind2="1" tag="264">
      <marc:subfield code="b">Eigenverlag H&amp;P</marc:subfield>
      <marc:subfield code="c">2019</marc:subfield>
   </marc:datafield>
   <marc:datafield ind1="1" ind2=" " tag="520">
      <marc:subfield code="a">Ein oft unerkanntes &#x84;Kleinod" im literarischen Schaffen von Peter Rosegger war der Humor. Doch zeigt sich dieser nicht in aufdringlich pointierter, sondern vielfach in hintergründig versteckter Form. Und genau diese Erkenntnis motivierte Irene Pfleger und Jakob Hiller aus dem Gesamtwerk Peter Roseggers (inklusive seiner Monatszeitschrift &#x84;Heimgarten&#x93;) dessen Vielfalt an stillen Heiterkeiten herauszufiltern und in ihrem Buch unterhaltsam, fotografisch, zeichnerisch und auch literarisch zu präsentieren. Da Peter Roseggers heitere Geschichten nicht in einem einzigen Buch Platz finden, ist das Buch &#x84;Heitere Geschichten&#x93; als Folge von &#x84;Peter Rosegger &amp; DER HUMOR&#x93; erschienen. Basis dieses Buches ist hauptsächlich die Monatszeitschrift Peter Roseggers &#x84;Der Heimgarten&#x93; und in weiterer Folge eine Auswahl der humorigsten und eher unbekannten Texte des Heimatdichters. (Verl.txt)</marc:subfield>
   </marc:datafield>
   <marc:datafield ind1=" " ind2=" " tag="020">
      <marc:subfield code="a">9783950471908</marc:subfield>
      <marc:subfield code="9">9783950471908</marc:subfield>
   </marc:datafield>
   <marc:datafield ind1=" " ind2=" " tag="020">
      <marc:subfield code="a">3950471901</marc:subfield>
      <marc:subfield code="9">3950471901</marc:subfield>
   </marc:datafield>
   <marc:datafield ind1=" " ind2=" " tag="300">
      <marc:subfield code="a">222 S.</marc:subfield>
   </marc:datafield>
</marc:record>
